|
|
|
|
| LEADER |
00956nam a2200241 a 4500 |
| 001 |
13598924 |
| 008 |
100708r20082004nyua 001 0 eng d |
| 010 |
|
|
|a 2004272654
|
| 040 |
|
|
|a LPU
|c LPU
|d DLC
|d DLC
|d DB-DhAAL
|
| 020 |
|
|
|a 9788177223897
|
| 020 |
|
|
|a 0072230932
|
| 082 |
0 |
0 |
|a 005.8
|2 22
|
| 100 |
1 |
|
|a Maiwald, Eric.
|
| 245 |
1 |
0 |
|a Fundamentals of network security /
|c Eric Maiwald.
|
| 260 |
|
|
|a New York :
|b McGraw-Hill Technology Education ;
|a New Delhi :
|b dreamtech,
|c c2004.[reprinted 2008]
|
| 300 |
|
|
|a xxvi, 645 p. :
|b ill. ;
|c 24 cm.
|
| 490 |
0 |
|
|a Information security series
|
| 504 |
|
|
|a Includes index.
|
| 541 |
1 |
|
|e 00020634
|
| 650 |
|
0 |
|a Computer networks
|x Security measures.
|
| 852 |
4 |
|
|a Ayesha Abed Library
|j General Shelf.
|
| 999 |
|
|
|c 9229
|d 9229
|
| 952 |
|
|
|0 0
|1 0
|2 ddc
|4 0
|6 005_800000000000000_MAI_2008
|7 0
|9 11667
|a BRACUL
|b BRACUL
|c GEN
|d 2010-08-23
|e Karim International
|l 9
|m 97
|o 005.8 MAI
|p 3010020634
|q 2025-10-08
|r 2024-09-17
|s 2024-09-17
|t 1
|w 2010-08-23
|y BK
|